000 01097nam0a22003131 4500
001 2579457
005 20250622230502.0
021 _aRU
_b79-68698
035 _a(NLR Aleph) 006462429
090 _a5850195
_c5850195
100 _a20110316d1978 |||y0rusy50 ca
101 1 _arus
_aeng
_crus
_geng
102 _aRU
105 _aa z |||||
200 1 _aMeasurement of momentum cooling rates with electron cooling at NAP-M
_fV.V. Parkhomchuk, D.V. Pestrikov, A.G. Ruggiero
210 _aНовосибирск
_cБ. и.
_d1978
215 _a16 с., 3 л. ил.
_cил.
_d20
225 1 _aПрепринт
_fИн-т ядерной физики СО АН СССР
_vИЯФ78-81
320 _aБиблиогр.: с. 14
686 _aВ381.1-45,09
_2rubbk
700 1 _aПархомчук
_bВ.В.
_gВасилий Васильевич
701 1 _aПестриков
_bД.В.
_gДмитрий Васильевич
701 1 _aRuggiero
_bA.G.
801 0 _aRU
_bNLR
_gpsbo
801 1 _aRU
_bELAR
_2rusmarc
852 _aNLR
_jDesideratum
899 _aRuMoRGB
_jБр 116/468
942 _cBOOK
980 _aNB